000 00665nam a2200205 a 4500
005 20230510063752.0
008 040302s1993 mx r 000 0 spa d
020 _a9506180261
035 _aUPN01000132320
049 _aCG
050 4 _aHQ56
_bG8.5 1993
245 0 0 _aGuía para la educación sexual :
_bcómo responder a las preguntas que le hacen y harán sus hijos /
_cdir. Adie Suehsdorf ; tr. Natalio Fejerman.
250 _a7a ed.
260 _aBuenos Aires :
_bLumen-Hormé,
_c1993.
300 _a137 p.
440 0 _aEducación sexual
534 _pTraducción de:
_tFacts of life for children
650 4 _aEducación sexual
_97445
905 _aLibro
999 _c104475
_d104475